000 00332nam a22001457a 4500
003 SGT
020 _a97815-43343-59-5
082 _a646.7
_bSHE
100 _aSHEIKH, DR. AIJAZ A.
245 _aA TEXTBOOK OF COSMETIC SCIENCE
260 _aINDIA
_bPEE VEE
_c2019
300 _a219
650 _aCOSMETIC SCIENCE
942 _2ddc
_cBK
999 _c32487
_d32487